| 000 | 00473nam a2200181Ia 4500 | ||
|---|---|---|---|
| 005 | 20250508153920.0 | ||
| 008 | 008 250505s9999 xx 000 0 hin d | ||
| 037 | _aTextual | ||
| 040 |
_aFEDL _beng _cFEDL |
||
| 041 |
_ahin _2hin |
||
| 084 |
_aFH, MEH _qFEDL |
||
| 100 |
_aMehta Srinaresh _9400754 |
||
| 245 | 0 | _aSubha ke ghante | |
| 260 |
_aAllahabad, India _bNeelabh Prakashan |
||
| 300 | _a151p | ||
| 942 |
_cTEXL _hFH, MEH |
||
| 999 |
_c1346348 _d1346348 |
||